<?xml version="1.0" encoding="UTF-8"?>
<marc:record xmlns:marc="http://www.loc.gov/MARC21/slim">
   <marc:leader>00000nam a2200000 a 4500</marc:leader>
   <marc:datafield ind1=" " ind2=" " tag="653">
      <marc:subfield code="a">Softcover</marc:subfield>
   </marc:datafield>
   <marc:datafield ind1=" " ind2=" " tag="653">
      <marc:subfield code="a">Karte</marc:subfield>
   </marc:datafield>
   <marc:datafield ind1=" " ind2=" " tag="653">
      <marc:subfield code="a">Musiklehre</marc:subfield>
   </marc:datafield>
   <marc:datafield ind1="0" ind2="0" tag="245">
      <marc:subfield code="a">Das Effekte-Praxisbuch</marc:subfield>
   </marc:datafield>
   <marc:datafield ind1="0" ind2="0" tag="245">
      <marc:subfield code="c">Frank Pieper</marc:subfield>
   </marc:datafield>
   <marc:datafield ind1=" " ind2="1" tag="264">
      <marc:subfield code="a">München</marc:subfield>
      <marc:subfield code="b">Carstensen</marc:subfield>
      <marc:subfield code="c">2004</marc:subfield>
   </marc:datafield>
   <marc:datafield ind1=" " ind2=" " tag="250">
      <marc:subfield code="a">2., überarb. Aufl.</marc:subfield>
   </marc:datafield>
   <marc:datafield ind1="1" ind2=" " tag="520">
      <marc:subfield code="a">Effekte sind heute in Musikproduktionen allgegenwärtig: als Bodeneffekte und 19-Zoll-Geräte, in Keyboards und Kompaktstudios integriert und als Plug-In-Software erhältlich. Dieses Praxisbuch behandelt alle Effekte - vom Chorus bis zum Hall, vom Exciter bis zum Noisegate. Es erklärt, wie die Effekte technisch realisiert werden und gibt detaillierte Praxistipps, alle relevanten Parameter und Funktionen. Ausserdem erfährt der Leser, welche Effekte sich für alle wichtigen Instrumente eignen. Die Wahl des richtigen Effektweges und das Signal-Routing, der Bau eines Effektboards und wichtiges Basiswissen über Signaltechnik und MIDI komplettieren dieses umfassende Werk. Hörbeispiele auf Audio-CD.</marc:subfield>
   </marc:datafield>
   <marc:datafield ind1=" " ind2=" " tag="020">
      <marc:subfield code="a">9783910098169</marc:subfield>
      <marc:subfield code="9">9783910098169</marc:subfield>
   </marc:datafield>
   <marc:datafield ind1=" " ind2=" " tag="041">
      <marc:subfield code="a">ger</marc:subfield>
   </marc:datafield>
   <marc:datafield ind1=" " ind2=" " tag="300">
      <marc:subfield code="a">399 S.</marc:subfield>
   </marc:datafield>
</marc:record>
